=LDR 00000nam 2200000 4500 =001 INLIS000000000031605 =005 20130612133652 =008 ***********************************ind** =035 ##$$0010-061300000031605 =041 ##$$a ind =082 ##$$a F Rom D =090 ##$$a F Rom D, Mah, p =100 ##$$a MAHARANI =245 ##$$a Priki Was Almost Drowneo , Maharani;Editor,M.Ihsan =260 ##$$a 2008 $b Jakarta =300 ##$$a 24 hlm. , Illus. , 21 cm =650 ##$$a FIKSI KANAK-KANAK =850 ##$$a NBPNMAT